20 години социалистическа революция в България (Запис номер 184908)
[ съкратено ]
| 000 -Лидер | |
|---|---|
| Контролно поле с фиксирана дължина | 01466nam a2200325 a 4500 |
| 003 - Код на организацията, давaща контролен номер | |
| Контролно поле | BLK |
| 005 - Дата и час на последна редакция | |
| Контролно поле | 20240405005354.0 |
| 008 - Елементи от данни с фиксирана дължина | |
| fixed length control field | 180411b bul|||||r ||||||| ||bul|| |
| 010 ## - Наследен системен номер | |
| LC control number | KNG00193885000 |
| 040 ## - Източник на каталожния запис | |
| Идентификатор на билиотеката - собственик на записа | BLK |
| 041 ## - Код за език | |
| Код за езика на текст/звукозапис или на отделно заглавие | Български |
| Код за езика КДБФ | Български |
| 080 ## - УДК | |
| Текстов определител УДК | Вътрешна политика. Вж и 329 |
| УДК код - определител по УДК | 323 |
| УДК определител | (497.2) |
| УДК - код + определител | 323(497.2) |
| 100 ## - Редна дума - Автор | |
| Автор | Живков, Тодор Христов |
| Дати, свързани с автора | 1911 - 1998 |
| Автор - информация (биография) | Български политик, БКП. Първи секретар и генерален секретар на ЦК на БКП, председател на Министерския съвет и председател на Държавния съвет на НРБ |
| R(LIN) | 365041 |
| 139 ## - Редно поле | |
| Редна дума | Живков, Тодор Христов |
| Авторски знак | Живк - Ж 48 |
| 245 10 - Сведения за заглавието | |
| Заглавие | 20 години социалистическа революция в България |
| Подзаглавни данни | Доклад на търж. заседание на VIII юбил. сесия на Нар. събрание, 8 септ. 1964 г. |
| Редно поле (дума) | Тодор Христов Живков. |
| 257 ## - Страна на издаване | |
| Страна на създаване/издаване | България |
| 260 ## - Област на издателските данни | |
| Име на издателя, разпространителя и проч. | БКП |
| Година на издаване | 1964 |
| Място на издаване, разпространение и проч. | София |
| 300 ## - Физическа характеристика | |
| Страници | 48 с. |
| Размери/Мащаб | 20 см |
| 380 ## - Жанр | |
| Жанр | Обществени науки |
| 500 ## - Общи забележки | |
| Забележка | 37 220 тир. |
| 653 ## - Ключова дума – ненормативна | |
| Ключова дума | вътрешна политика |
| 653 ## - Ключова дума – ненормативна | |
| Ключова дума | България |
| 852 ## - Местоположение | |
| Форматна сигнатура | Цб 31890 |
| Фондова буква | Хранилище |
| 856 4# - Електронен адрес и достъп | |
| Електронен формат | pdf - файл |
| 856 4# - Електронен адрес и достъп | |
| Електронен формат | pdf - файл |
| 999 ## - СИСТЕМНИ КОНТРОЛНИ НОМЕРА | |
| Koha biblionumber | 184908 |
| Koha biblioitemnumber | 184908 |
| 942 ## - АРТИКУЛИ | |
| Вид на библиотечния материал | Книги |
| Скрит в OPAC | Не |
| Периодичен библиозапис | Да |
| 944 ## - СЪЗДАВАНЕ И РЕДАКЦИЯ на ЗАПИСА | |
| Създаване/Редакция | Създаване |
| Дата на регистрацията/редакция | 19.10.2016 |
| Служител, извършил регистрацията/редакцията | |
| Статус, дата на статуса | CRON CRON |
| 944 ## - СЪЗДАВАНЕ И РЕДАКЦИЯ на ЗАПИСА | |
| Създаване/Редакция | Редакция |
| Дата на регистрацията/редакция | 19.10.2016 |
| Служител, извършил регистрацията/редакцията | Наталия_Любомирова |
| 999 ## - СИСТЕМНИ КОНТРОЛНИ НОМЕРА | |
| Koha biblioitemnumber | 184908 |
| Код за отписване | Код за изгубен артикул | Източник на класификационната схема | Код за повреда | Коз за рестрикции | Код за отдаване | Артикулен № | Име на библиотеката - собственик | Име на библиотеката, в която се намира в момента | Статус (Текущо местоположение) | Дата на вписване в системата | Местоположение - отдел | Цена в лева | Инвентарен номер | Систематично азбучна сигнатура | Баркод | Номер на екземпляра | Цена в евро | Служебна бележка | Служебен тип на артикула |
|---|---|---|---|---|---|---|---|---|---|---|---|---|---|---|---|---|---|---|---|
| Не е изгубен | Universal Decimal Classification | Не е повреден | само за читалня | ползва се в читалня | 319989 | Регионална библиотека "Любен Каравелов" Русе | Регионална библиотека "Любен Каравелов" Русе | Хранилище | 1964-01-01 | Хранилище | 0.09 | 15420/64 | Цб 31890 | 900000093948 | 1 | 0.05 | N: стар фонд Дата: 01.01.1964 | Книги | |
| Изтеглен | Не е изгубен | Universal Decimal Classification | Не е повреден | без рестрикции | заемане за дома | 319990 | Регионална библиотека "Любен Каравелов" Русе | Регионална библиотека "Любен Каравелов" Русе | Заемна - подръчен фонд | 1964-01-01 | Заемна - подръчен фонд | 0.00 | 16306/64 | П 323(497.2)/Ж 48 | 16306/64 | 2 | 0.00 | N: стар фонд Дата: 01.01.1964 | Книги |
| Изтеглен | Не е изгубен | Universal Decimal Classification | Не е повреден | без рестрикции | заемане за дома | 319991 | Регионална библиотека "Любен Каравелов" Русе | Регионална библиотека "Любен Каравелов" Русе | Заемна - подръчен фонд | 1964-01-01 | Заемна - подръчен фонд | 0.00 | 16307/64 | П 323(497.2)/Ж 48 | 16307/64 | 3 | 0.00 | N: стар фонд Дата: 01.01.1964 | Книги |
| Изтеглен | Не е изгубен | Universal Decimal Classification | Не е повреден | без рестрикции | заемане за дома | 319992 | Регионална библиотека "Любен Каравелов" Русе | Регионална библиотека "Любен Каравелов" Русе | Заемна - подръчен фонд | 1964-01-01 | Заемна - подръчен фонд | 0.00 | 16067/64 | П 323(497.2)/Ж 48 | 16067/64 | 4 | 0.00 | N: стар фонд Дата: 01.01.1964 | Книги |
| Изтеглен | Не е изгубен | Universal Decimal Classification | Не е повреден | без рестрикции | заемане за дома | 319993 | Регионална библиотека "Любен Каравелов" Русе | Регионална библиотека "Любен Каравелов" Русе | Заемна - подръчен фонд | 1964-01-01 | Заемна - подръчен фонд | 0.00 | 16068/64 | П 323(497.2)/Ж 48 | 16068/64 | 5 | 0.00 | N: стар фонд Дата: 01.01.1964 | Книги |